Dictionary: el diccionario para un nivel avanzado (Registro nro. 13511)

Detalles MARC
000 -Cabecera
Campo de control de longitud fija 00496nam a22002057a 4500
005 - Fecha y hora de la última transacción
Campo de control 20250207183358.0
008 - Elementos de longitud fija--Información general
Campo de control de longitud fija 230419b2002 |||||||| |||| 00| 0 spa d
020 ## - International Standard Book Number
Número Internacional Estándar del Libro (ISBN) 9788425336686
041 ## - Idioma
Código de idioma Español
082 ## - Clasificación Decimal Dewey
Número de clasificación R 423 D545d4
245 ## - Título propiamente dicho
Título Dictionary: el diccionario para un nivel avanzado
250 ## - Edición
Mención de edición 4 edición
260 ## - Pie de imprenta
Lugar de publicación, distribución, etc. España
260 ## - Pie de imprenta
Nombre del editor, distribuidor, etc. Collins
260 ## - Pie de imprenta
Fecha de publicación, distribución, etc. 2002
300 ## - Descripción física
Extensión 1289 páginas
505 ## - Nota de contenido
Nota de contenido Inglés-español
650 ## - Materia general
Temática (materia general) DICCIONARIOS
942 ## - Punto de acceso adicional KOHA
Tipo de ítem KOHA Referencia
Fuente del sistema de clasificación o colocación Dewey Decimal Classification
Existencias
Signatura completa Código de barras Tipo de ítem
R 423 D545d4 11737 Referencia